000 00419nam a2200181Ia 4500
001 9991
005 20260306161759.0
008 260306t2020||||xx |||||||||||||| ||spa||
041 _aESP
082 _a869.56
_bP72
100 _aPatrón Candela, Germán,
_eAUT
245 0 _aEl proceso Vallejo
260 _c2020
300 _a520 páginas :
_c23 cm.
650 _aGEN
654 _aCHU
942 _cLIB
_dJUS
_fJUS
_2ddc
_n
999 _c9991
_d9991